| 000 | 00352nam a22001577a 4500 | ||
|---|---|---|---|
| 003 | SGT | ||
| 020 | _a812560080-9 | ||
| 082 |
_a611 _bH18M |
||
| 100 | _aMAHESHWARI,B.UMA. | ||
| 245 | _a A TEXT BOOK OF HUMAN ANATOMY & PHYSIOLOGY | ||
| 250 | _a13TH | ||
| 260 |
_aDELHI _bBIRLA PUB _c2018 |
||
| 300 | _a216 | ||
| 650 | _aPHARMACY | ||
| 942 |
_2ddc _cBK _0249 |
||
| 999 |
_c15363 _d15363 |
||